The quality of government: corruption, social trust, and inequality in international perspective
| Main Author: | |
|---|---|
| Format: | Print Book |
| Language: | English |
| Published: |
Chicago, Ill. [u.a.]
University of Chicago Press
2011
|
| In: | Year: 2011 |
| Online Access: |
Detailed description Autorenbiografie Table of Contents Table of Contents Kurzbeschreibung Literaturverzeichnis Literaturverzeichnis Review |
| Check availability: | HBZ Gateway |
| Subito Delivery Service: | Order now. |
| Keywords: | |
| Parallel Edition: | Electronic
|
MARC
| LEADER | 00000cam a2200000 c 4500 | ||
|---|---|---|---|
| 001 | 642720754 | ||
| 003 | DE-627 | ||
| 005 | 20260206195427.0 | ||
| 007 | tu | ||
| 008 | 110104s2011 xxu||||| 00| ||eng c | ||
| 010 | |a 2010052566 | ||
| 016 | 7 | |a 015813191 |2 UK | |
| 020 | |a 0226729575 |c pbk. : alk. paper |9 0-226-72957-5 | ||
| 020 | |a 0226729575 |c (hbk.) |9 0-226-72957-5 | ||
| 020 | |a 0226729567 |c cloth : alk. paper |9 0-226-72956-7 | ||
| 020 | |a 9780226729572 |c : pbk. : alk. paper |9 978-0-226-72957-2 | ||
| 020 | |a 9780226729565 |c : cloth : alk. paper |9 978-0-226-72956-5 | ||
| 024 | 3 | |a 9780226729572 | |
| 024 | 3 | |a 9780226729572 | |
| 035 | |a (DE-627)642720754 | ||
| 035 | |a (DE-603)270199969 | ||
| 035 | |a (DE-576)352897678 | ||
| 035 | |a (DE-599)GBV642720754 | ||
| 035 | |a (OCoLC)751009427 | ||
| 035 | |a (OCoLC)751009427 | ||
| 040 | |a DE-627 |b ger |c DE-627 |e rakwb | ||
| 041 | |a eng | ||
| 044 | |c XD-US |c XA-GB | ||
| 050 | 0 | |a JF1081 | |
| 082 | 0 | |a 364.1/323 |q LOC |2 22 | |
| 082 | 0 | |a 364.1323 | |
| 084 | |a 3,6 |a 2,1 |2 ssgn | ||
| 084 | |a MD 7200 |2 rvk |0 (DE-625)rvk/122538: | ||
| 084 | |a 89.50 |2 bkl | ||
| 084 | |a 89.52 |2 bkl | ||
| 100 | 1 | |a Rothstein, Bo |d 1954- |0 (DE-588)12956933X |0 (DE-627)47272360X |0 (DE-576)16556637X |4 aut | |
| 109 | |a Rothstein, Bo 1954- |a Rothstein, Bo Abraham Mendel 1954- | ||
| 245 | 1 | 4 | |a The quality of government |b corruption, social trust, and inequality in international perspective |c Bo Rothstein |
| 263 | |a Erscheint: 01. September 2011 | ||
| 264 | 1 | |a Chicago, Ill. [u.a.] |b University of Chicago Press |c 2011 | |
| 300 | |a XIII, 285 S. |b graph. Darst. |c 24 cm | ||
| 336 | |a Text |b txt |2 rdacontent | ||
| 337 | |a ohne Hilfsmittel zu benutzen |b n |2 rdamedia | ||
| 338 | |a Band |b nc |2 rdacarrier | ||
| 500 | |a Includes bibliographical references p. [227] - 263 and index | ||
| 505 | 8 | |a What is quality of government? -- Quality of government: what you get -- Corruption: the killing fields -- Creating political legitimacy: representative democracy versus quality of government -- Curbing corruption: the indirect "big bang" approach -- Quality of government and the welfare state -- The low trust-corruption-inequality trap -- Quality of government and social trust: two experiments -- The tale of two countries: democratic Jamaica versus high quality of government Singapore -- Preventing societies from self-destructing. | |
| 583 | 1 | |a Archivierung prüfen |c 20240324 |f DE-4165 |z 3 |2 pdager | |
| 650 | 0 | |a Political corruption | |
| 650 | 0 | |a Quality of life |x Political aspects | |
| 650 | 0 | |a Political corruption | |
| 650 | 0 | |a Quality of life |x Political aspects | |
| 650 | 0 | |a Central government |2 bicssc | |
| 650 | 0 | |a Political corruption |2 bicssc | |
| 650 | 0 | |a Politics and government |2 eflch | |
| 650 | 0 | 7 | |0 (DE-588)4032524-6 |0 (DE-627)104704799 |0 (DE-576)208997288 |a Korruption |2 gnd |
| 650 | 0 | 7 | |0 (DE-588)4049012-9 |0 (DE-627)106188747 |0 (DE-576)209080132 |a Regierung |2 gnd |
| 650 | 0 | 7 | |0 (DE-588)4047966-3 |0 (DE-627)104297859 |0 (DE-576)209075570 |a Qualität |2 gnd |
| 650 | 0 | 7 | |0 (DE-588)4063290-8 |0 (DE-627)106128558 |0 (DE-576)209148063 |a Vertrauen |2 gnd |
| 650 | 0 | 7 | |0 (DE-588)4046514-7 |0 (DE-627)104152206 |0 (DE-576)209069945 |a Politik |2 gnd |
| 650 | 0 | 7 | |0 (DE-588)4034922-6 |0 (DE-627)106250345 |0 (DE-576)209009721 |a Lebensqualität |2 gnd |
| 650 | 0 | 7 | |0 (DE-588)4055736-4 |0 (DE-627)104270470 |0 (DE-576)209115173 |a Soziale Ungleichheit |2 gnd |
| 650 | 0 | 7 | |0 (DE-588)7725520-3 |0 (DE-627)640566537 |0 (DE-576)33382735X |a Good Governance |2 gnd |
| 650 | 0 | 7 | |0 (DE-588)4128491-4 |0 (DE-627)105716979 |0 (DE-576)20960252X |a Wohlfahrt |2 gnd |
| 653 | |a Political corruption | ||
| 653 | |a Quality of life |a Political aspects | ||
| 655 | 7 | |a Aufsatzsammlung |0 (DE-588)4143413-4 |0 (DE-627)105605727 |0 (DE-576)209726091 |2 gnd-content | |
| 689 | 0 | 0 | |d s |0 (DE-588)4046514-7 |0 (DE-627)104152206 |0 (DE-576)209069945 |a Politik |2 gnd |
| 689 | 0 | 1 | |d s |0 (DE-588)4032524-6 |0 (DE-627)104704799 |0 (DE-576)208997288 |a Korruption |2 gnd |
| 689 | 0 | 2 | |d s |0 (DE-588)4046531-7 |0 (DE-627)10619769X |0 (DE-576)209069988 |a Politische Entscheidung |2 gnd |
| 689 | 0 | 3 | |d s |0 (DE-588)4047966-3 |0 (DE-627)104297859 |0 (DE-576)209075570 |a Qualität |2 gnd |
| 689 | 0 | |5 (DE-627) | |
| 776 | 0 | 8 | |i Erscheint auch als |n Online-Ausgabe |a Rothstein, Bo, 1954 - |t The quality of government |d Chicago, Ill. [u.a.] : University of Chicago Press, 2011 |h XIII, 285 S. |w (DE-627)1652221212 |w (DE-576)380484145 |z 9780226729572 |z 0226729575 |z 9780226729565 |z 0226729575 |k Electronic |
| 787 | 0 | 8 | |i Rezensiert in |a Nathanson, Stephen, 1943 - |t [Rezension von: Rothstein, Bo, 1954-, The quality of government] |d 2013 |w (DE-627)1854204092 |
| 856 | 4 | 2 | |u https://swbplus.bsz-bw.de/bsz352897678inh.htm |m B:DE-576;DE-Frei85 |q application/pdf |v 20130904142137 |x Verlag |3 Inhaltsverzeichnis |7 1 |
| 856 | 4 | 2 | |u https://swbplus.bsz-bw.de/bsz352897678ref.htm |m V:DE-576;B:DE-180 |q application/pdf |v 20181220174535 |3 Literaturverzeichnis |7 1 |
| 856 | 4 | 2 | |u http://scans.hebis.de/HEBCGI/show.pl?27019996_kub.html |m X:Nielsen |q text/html |3 Kurzbeschreibung |7 1 |
| 856 | 4 | 2 | |u http://scans.hebis.de/HEBCGI/show.pl?27019996_aub.html |m X:Nielsen |q text/html |3 Ausführliche Beschreibung |7 1 |
| 856 | 4 | 2 | |u http://scans.hebis.de/HEBCGI/show.pl?27019996_rez.html |m X:Nielsen |q text/html |3 Rezension |7 1 |
| 856 | 4 | 2 | |u http://scans.hebis.de/HEBCGI/show.pl?27019996_bio.html |m X:Nielsen |q text/html |3 Autorenbiografie |7 1 |
| 856 | 4 | 2 | |u http://scans.hebis.de/HEBCGI/show.pl?27019996_toc.pdf |m V:DE-576;B:DE-Frei85 |q application/pdf |3 Inhaltsverzeichnis |7 1 |
| 856 | 4 | 2 | |u http://scans.hebis.de/HEBCGI/show.pl?27019996_ltv.pdf |m V:DE-576;B:DE-180 |q application/pdf |3 Literaturverzeichnis |7 1 |
| 935 | |a mkri | ||
| 935 | |i Blocktest | ||
| 936 | r | v | |a MD 7200 |b Theorie der kollektiven Entscheidung, Mittel der Konfliktregelung, Proporz, Kompromiss, Verhandeln, Konsens |k Politologie |k Politische Theorie, Grundbegriffe des Politischen |k Politische Entscheidungslehre |k Theorie der kollektiven Entscheidung, Mittel der Konfliktregelung, Proporz, Kompromiss, Verhandeln, Konsens |0 (DE-627)1271425807 |0 (DE-625)rvk/122538: |0 (DE-576)201425807 |
| 936 | b | k | |a 89.50 |j Politische Prozesse: Allgemeines |0 (DE-627)106417088 |
| 936 | b | k | |a 89.52 |j Politische Psychologie |j Politische Soziologie |0 (DE-627)106414143 |
| 936 | s | n | |a m100 |2 mzub |
| 936 | s | n | |a m200 |2 mzub |
| 951 | |a BO | ||
| ELC | |b 1 | ||
| LOK | |0 000 xxxxxcx a22 zn 4500 | ||
| LOK | |0 001 3178083677 | ||
| LOK | |0 003 DE-627 | ||
| LOK | |0 004 642720754 | ||
| LOK | |0 005 20130823131446 | ||
| LOK | |0 008 130703||||||||||||||||ger||||||| | ||
| LOK | |0 040 |a DE-Frei85 |c DE-627 |d DE-Frei85 | ||
| LOK | |0 852 |a DE-Frei85 | ||
| LOK | |0 852 1 |m p |9 00 | ||
| LOK | |0 938 |k p | ||
| LOK | |0 939 |a 03-07-13 |b l01 | ||
| ORI | |a SA-MARC-krimdoka001.raw | ||
